Caste,society & Politics In India. (Record no. 34810)

MARC details
000 -LEADER
fixed length control field 00427nam a2200181Ia 4500
008 - FIXED-LENGTH DATA ELEMENTS--GENERAL INFORMATION
fixed length control field 220531s9999 xx 000 0 und d
041 ## - LANGUAGE CODE
Language code of text/sound track or separate title eng
082 ## - DEWEY DECIMAL CLASSIFICATION NUMBER
Item number BAY
100 ## - MAIN ENTRY--PERSONAL NAME
Personal name Bayley,s.
9 (RLIN) 60989
245 ## - TITLE STATEMENT
Title Caste,society & Politics In India.
250 ## - EDITION STATEMENT
Edition statement 1
260 ## - PUBLICATION, DISTRIBUTION, ETC. (IMPRINT)
Place of publication, distribution, etc. Pune
Name of publisher, distributor, etc. Cambridge
Date of publication, distribution, etc. 2011
300 ## - PHYSICAL DESCRIPTION
Extent 421
542 ## - INFORMATION RELATING TO COPYRIGHT STATUS
Copyright holder 26-11-2011
650 ## - SUBJECT ADDED ENTRY--TOPICAL TERM
Topical term or geographic name as entry element Sociology
9 (RLIN) 60990
906 ## - LOCAL DATA ELEMENT F, LDF (RLIN)
d 2011-2012
Holdings
Withdrawn status Lost status Source of classification or shelving scheme Damaged status Not for loan Collection code Home library Current library Date acquired Vendor Cost, normal purchase price Total Checkouts Total Holds Full call number Barcode Date last seen Bill Date Koha item type Original Barcode
    Dewey Decimal Classification       Shri Siddhivinayak Mahila Mahavidyalaya Shri Siddhivinayak Mahila Mahavidyalaya 26/11/2011 Pritam 495.00   1 /BAY/B/15812 SSMM-BK-15812 06/08/2022 06/08/2022 Books 010015812